MARC보기
LDR00000nam c2200205 c 4500
001000000340946
00520260205151634
007ta
008260205s2022 ulk r 00a kor
020 ▼a 9791191714074 ▼g 03810 : ▼c \17000
040 ▼a 248032 ▼c 248032 ▼d 248032
0490 ▼l EM111787
056 ▼a 813.6 ▼2 4
090 ▼a 813.6 ▼b 조82가
24520 ▼a 가시고기 우리 아빠 : ▼b 조창인 장편소설 / ▼d 조창인
250 ▼a 1판
260 ▼a [서울] : ▼b 산지, ▼c 2022
300 ▼a 359 p. ; ▼c 21 cm
500 ▼a 표제관련정보: 300만 부 초 베스트셀러 《가시고기》20년 후의 이야기
653 ▼a 한국 현대소설 ▼a 한국문학 ▼a 부성애
7001 ▼a 조창인, ▼e 저
9500 ▼b \17000
990 ▼a 관리자2 ▼b 관리자2